| 000 | 00583nam a22001817a 4500 | ||
|---|---|---|---|
| 005 | 20240802161447.0 | ||
| 010 | _aENG-141159 | ||
| 020 |
_a9789354894039 _c500.00 |
||
| 035 | _aEN-124691 | ||
| 037 | _bDBAD | ||
| 082 | _a1 | ||
| 100 |
_aShrimad Rajchandraji's _969385 |
||
| 245 |
_aAtmasiddhi Shastra: _bSix Spiritual Truth of the Soul/ _cBy Shrimad Rajchandraji's |
||
| 260 |
_aUttar Pradesh _bHarper Collins Publishers _c2021 |
||
| 270 |
_aA-75, Sector 57, Noida _bUttar Pradesh _e201301 |
||
| 300 |
_axlvii,518p. _c22cm(Hb) |
||
| 942 |
_2ddc _cEN _h230.35 _mATM _e1 |
||
| 999 |
_c204781 _d204781 |
||